000
00278nam a22001217a 4500
008
210707s2000 xx 000 0 und d
041
_a
eng
082
_a
052 JoD
245
_a
Journal of dharma
260
_b
Dharmaram College
_c
2000
650
_a
Religion
650
_a
Religion
999
_c
179675
_d
179675